| 000 | 01454nam a22003497i 4500 | ||
|---|---|---|---|
| 003 | EG-ScBUE | ||
| 005 | 20220731115316.0 | ||
| 008 | 200219s2021 ua f 000 0 eng d | ||
| 020 | _a9789779130378 | ||
| 040 |
_aEG-ScBUE _beng _erda _cEG-ScBUE _dEG-ScBUE |
||
| 041 | 1 |
_aeng _hara |
|
| 082 | 0 | 4 |
_222 _a297.283 _bCHU |
| 240 | 1 | 0 |
_aحماية الكنائس. _lEnglish |
| 245 | 1 | 0 |
_aChurch protection in Islam / _cedited and introduced by prof. Muhammad Mukhtar Gomaa, Minister of Awqaf, prof. Shawqi Allam, Mufti of Egypt ; translated by Dr. Muhammad Fawzy Abdel-Hay ; edited by Dr. Kamal Boraiqa Abdelsalam Hassan, Al-Azhar University. |
| 250 | _aFirst edition. | ||
| 264 | 1 |
_aCairo : _bEgyptian General Book, _c2021. |
|
| 300 |
_a77 pages ; _c18 cm |
||
| 336 |
_2rdacontent _atext _btxt |
||
| 337 |
_2rdamedia _aunmediated _bn |
||
| 338 |
_2rdacarrier _avolume _bnc |
||
| 546 | _aText in English ; translated from the original Arabic. | ||
| 650 | 7 |
_aIslam _xRelations _xChristianity. _2BUEsh |
|
| 650 | 7 |
_aChristianity and other religions. _2BUEsh |
|
| 653 |
_bGGEN _cJuly2022 |
||
| 655 |
_vReading book _934232 |
||
| 700 | 1 |
_aHassan, Kamal Boraiqa Abdelsalam, _eeditor. |
|
| 700 | 1 |
_aJumʻah, Muḥammad Mukhtār, _eeditor, _eauthor of introduction, etc. |
|
| 700 | 1 |
_aAllam, Shawqi, _eeditor, _eauthor of introduction, etc. |
|
| 700 | 1 |
_aAbdel-Hay, Muhammad Fawzy, _etranslator. |
|
| 942 |
_2ddc _cBB |
||
| 999 |
_c29916 _d29887 |
||